মুক্তিযুদ্ধপঞ্জি ৬ / (Record no. 677)
[ view plain ]
| 000 -LEADER | |
|---|---|
| fixed length control field | 00840nam a22002537a 4500 |
| 001 - CONTROL NUMBER | |
| JCCL Control Number | 677 |
| 003 - CONTROL NUMBER IDENTIFIER | |
| JCCL marc code | BD-JhCC |
| 005 - DATE AND TIME OF LATEST TRANSACTION | |
| control field | 20171008191435.0 |
| 008 - FIXED-LENGTH DATA ELEMENTS--GENERAL INFORMATION | |
| fixed length control field | 171008s2010 bg |||| |||| 001 0 ben d |
| 020 ## - INTERNATIONAL STANDARD BOOK NUMBER | |
| International Standard Book Number | 9847029600054 |
| 035 ## - SYSTEM CONTROL NUMBER | |
| system control number | (BD-JhCC)677 |
| 040 ## - CATALOGING SOURCE | |
| Original cataloging agency | BD-JhCC |
| Modifying agency | BD-JhCC |
| 041 ## - LANGUAGE CODE | |
| Language code of Book | eng |
| 082 ## - DEWEY DECIMAL CLASSIFICATION NUMBER | |
| DDC Edition number | 22 |
| Classification number | 954.9205 |
| Author mark and Year | MAM 2010 |
| 100 ## - MAIN ENTRY--PERSONAL NAME | |
| Personal name | মামুন, মুনতাসির |
| 245 ## - TITLE STATEMENT | |
| Title | মুক্তিযুদ্ধপঞ্জি ৬ / |
| Statement of responsibility, etc | মুনতাসির মামুন |
| 260 ## - PUBLICATION, DISTRIBUTION, ETC. (IMPRINT) | |
| Place of publication, distribution, etc | ঢাকা: |
| Name of publisher, distributor, etc | বাংলাদেশ চর্চা, |
| Date of publication, distribution, etc | ২০১০. |
| 300 ## - PHYSICAL DESCRIPTION | |
| Pagination | ২৬০ পৃ. : |
| Dimensions | ২২ সেমি. |
| 504 ## - BIBLIOGRAPHY, ETC. NOTE | |
| Bibliography, etc | Includes Index |
| 650 ## - SUBJECT ADDED ENTRY--TOPICAL TERM | |
| Topical term or geographic name as entry element | History Liberation War, 1971 |
| Geographic subdivision | Bangladesh |
| 700 ## - ADDED ENTRY--PERSONAL NAME | |
| Personal name | হাসিনা আহমেদ |
| 942 ## - ADDED ENTRY ELEMENTS (KOHA) | |
| Source of classification or shelving scheme | Dewey Decimal Classification |
| Koha item type | Books |
| Source of classification or shelving scheme | Damaged status | Not for loan | Home library | Current library | Shelving location | Date of accession | Source of acquisition | Cost, normal purchase price | Total Checkouts | Full call number | Barcode | Date last seen | Copy number | Koha item type |
|---|---|---|---|---|---|---|---|---|---|---|---|---|---|---|
| Dewey Decimal Classification | JCC Rouf Library | JCC Rouf Library | General Stacks | 10/08/2017 | Purchase | 300.00 | 954.9205 MAM 2010 | 83 | 10/08/2017 | C-1 | Books |